The Electronic design studio : (Record no. 353587)
[ view plain ]
| 000 -LEADER | |
|---|---|
| fixed length control field | 01255nam a22002777a 4500 |
| 003 - CONTROL NUMBER IDENTIFIER | |
| control field | OSt |
| 005 - DATE AND TIME OF LATEST TRANSACTION | |
| control field | 20180116192412.0 |
| 008 - FIXED-LENGTH DATA ELEMENTS--GENERAL INFORMATION | |
| fixed length control field | 121207t1990 xxu||||| |||| 00| 0 eng d |
| 020 ## - INTERNATIONAL STANDARD BOOK NUMBER | |
| International Standard Book Number | 9780262132541 |
| 020 ## - INTERNATIONAL STANDARD BOOK NUMBER | |
| International Standard Book Number | 0262132540 |
| 040 ## - CATALOGING SOURCE | |
| Transcribing agency | 0 |
| 082 ## - DEWEY DECIMAL CLASSIFICATION NUMBER | |
| Classification number | 720.285 |
| 245 04 - TITLE STATEMENT | |
| Title | The Electronic design studio : |
| Remainder of title | architectural knowledge and media in the computer era / |
| Statement of responsibility, etc. | edited by Malcolm McCullough, William J. Mitchell, and Patrick Purcell. |
| 260 ## - PUBLICATION, DISTRIBUTION, ETC. | |
| Place of publication, distribution, etc. | Cambridge, Mass. : |
| Name of publisher, distributor, etc. | MIT Press, |
| Date of publication, distribution, etc. | c1990. |
| 300 ## - PHYSICAL DESCRIPTION | |
| Extent | viii, 505 p. : |
| Other physical details | ill. ; |
| Dimensions | 27 cm. |
| 500 ## - GENERAL NOTE | |
| General note | "Initially presented at the CAAD Futures 89 Conference ... jointly sponsored by the Harvard Graduate School of Design and the MIT Department of Architecture and held in Cambridge, Massachusetts in July 1989"--Pref. |
| 504 ## - BIBLIOGRAPHY, ETC. NOTE | |
| Bibliography, etc. note | Includes bibliographical references and index. |
| 650 ## - SUBJECT ADDED ENTRY--TOPICAL TERM | |
| Topical term or geographic name entry element | Architectural design |
| General subdivision | Data processing. |
| 9 (RLIN) | 6091 |
| 650 ## - SUBJECT ADDED ENTRY--TOPICAL TERM | |
| Topical term or geographic name entry element | Computer-aided design. |
| 9 (RLIN) | 6092 |
| 650 ## - SUBJECT ADDED ENTRY--TOPICAL TERM | |
| Topical term or geographic name entry element | Architectural design |
| Location of event | Study and teaching. |
| 9 (RLIN) | 6093 |
| 700 1# - ADDED ENTRY--PERSONAL NAME | |
| Personal name | McCullough, Malcolm. |
| 9 (RLIN) | 6094 |
| 700 1# - ADDED ENTRY--PERSONAL NAME | |
| Personal name | Mitchell, William J. |
| Dates associated with a name | 1944-2010. |
| Fuller form of name | (William John), |
| 9 (RLIN) | 6095 |
| 700 1# - ADDED ENTRY--PERSONAL NAME | |
| Personal name | Purcell, Patrick. |
| 9 (RLIN) | 6096 |
| 942 ## - ADDED ENTRY ELEMENTS (KOHA) | |
| Source of classification or shelving scheme | |
| Koha item type | Book |
| Withdrawn status | Lost status | Source of classification or shelving scheme | Damaged status | Not for loan | Permanent Location | Current Location | Date acquired | Total Checkouts | Full call number | Barcode | Date last seen | Cost, replacement price | Price effective from | Koha item type |
|---|---|---|---|---|---|---|---|---|---|---|---|---|---|---|
| School of Art Design and Architecture (SADA) | School of Art Design and Architecture (SADA) | 11/20/2012 | 720.285 ELE 1990 | SADA0001904 | 01/05/2017 | 8538.00 | 01/05/2017 | Book |
